000 01357nam a2200301Ia 4500
001 Z_6236
003 CHAP
005 20231030151554.0
008 220601s9999 xx 000 0 und d
040 _aCHAP
090 _aTesis M46 2204
100 _aMéndez Sánchez, Rolando
_976589
245 _aUtilización de compuestos gluconeogénicos en la alimentación previa y posterior al empadre en cabras lecheras / Rolando Méndez Sánchez y Efraín Ovalle Vázquez
260 _aChapingo, México: El autor
300 _a106 h.
502 _aTesis (Ingeniero Agrónomo Especialista en Zootecnia) -- UACh, 2011 \ Dirección: José Ayala Oseguera; asesoría: Eliseo Sosa Montes y José Melquiades Mónzon Armenta
650 _a1. Ganado caprino
650 _aGlucosa - suplemento alimenticio
650 _aPropionato de calcio - suplemento alimenticio
650 _aLasalocida - suplemento alimenticio
650 _aParámetros productivos y reproductivos
_9144251
700 _aI.Ovalle Vázquez, Efraín, coaut. \ Ayala Oseguera, José, director, \ Sosa Montes, Eliseo, asesor \ Mónzon Armenta, José Melquiades, asesorÌ
_9183399
856 4 2 _uhttp://10.13.5.2/tesis/114350.pdf
_yDescargar PDF
901 _aTESIS M46 2204
902 _aM
905 _a5232272011 mx lmn 8211113311spa16
942 _c2
_2ddc
999 _c217096
_d217096